[Event "Dallas CC GP8 Novice"]
[Site "Dallas"]
[Date "2002.01.20"]
[Round "4.19"]
[White "Williams, Harold"]
[Black "Jamison, David"]
[Result "1-0"]
[WhiteElo "1183"]
[BlackElo "1359"]
[PlyCount "55"]
[EventDate "2002.01.19"]
[EventType "swiss"]
[EventRounds "5"]
[EventCountry "USA"]
[SourceTitle "EXT 2003"]
[Source "ChessBase"]
[SourceDate "2002.11.25"]
[SourceVersion "1"]
[SourceVersionDate "2002.11.25"]
[SourceQuality "1"]

1. e4 e6 2. d4 d5 3. e5 c5 4. c3 Bd7 5. Nf3 Nc6 6. Bb5 a6 7. Bxc6 Bxc6 8. Qb3 Rb8 9. c4 b6 10. cxd5 Bxd5 11. Qd3 Bxf3 12. Qxf3 Qxd4 13. Qc6+ Kd8 14. Bg5+ f6 15. exf6 Qe5+ 16. Be3 Nxf6 17. Nc3 Ke7 18. 0-0-0 Kf7 19. f4 Qxe3+ 20. Kb1 Qxf4 21. Rhf1 Qxh2 22. Qd7+ Be7 23. Rde1 Rhe8 24. Qxe6+ Kf8 25. Nd5 Rb7 26. Rxf6+ gxf6 27. Nxf6 Rd8 28. Qg8# 1-0